000 00519nam a2200205Ia 4500
003 OSt
005 20220926044412.0
006 a|||||r|||| 00| 0
007 ta
008 220923b |||||||| |||| 00| 0 eng d
037 _cGeneral Book
040 _aRTL
_cRTL
_beng
041 _2eng
_aeng
082 _aX::2:N4z7, H5
100 _aMuranjan S K
_9123249
245 0 _aEconomics of post-war India
260 _c1945
942 _hX::2:N4z7, H5
_cGB
_2CC
999 _c674799
_d674799